| 000 | 00709nam a2200217Ia 4500 | ||
|---|---|---|---|
| 003 | OSt | ||
| 005 | 20251009103101.0 | ||
| 008 | 220926b |||||||| |||| 00| 0 eng d | ||
| 037 | _cReference | ||
| 040 |
_aRTL _cRTL _beng |
||
| 041 |
_2eng _aeng |
||
| 084 |
_aX:3M24xM18 K7/SC _qRTL |
||
| 100 |
_aCaute, David _9370982 |
||
| 245 | 0 | _aEssential writings of Karl Marx: Selected, and with an introduction and notes | |
| 260 |
_aNew York _bMacmillan Company _c1967 |
||
| 300 |
_a254 p. _bIncludes bibliographical reference and index |
||
| 650 |
_aSocialism _9847793 |
||
| 650 |
_aCommunism _9847794 |
||
| 942 |
_hX:3M24xM18 K7/SC _cREF _2CC _n0 |
||
| 999 |
_c691231 _d691231 |
||